China Property Market Monitor (Record no. 84065)

MARC details
000 -LEADER
fixed length control field 00973cad a22002175a 4500
001 - CONTROL NUMBER
control field L156539
008 - FIXED-LENGTH DATA ELEMENTS--GENERAL INFORMATION
fixed length control field 120606s2012 xxk 000 0 eng d
035 ## - SYSTEM CONTROL NUMBER
System control number (Sirsi) u156539
041 0# - LANGUAGE CODE
Language code of text/sound track or separate title eng
110 2# - MAIN ENTRY--CORPORATE NAME
Corporate name or jurisdiction name as entry element Jones Lang LaSalle
9 (RLIN) 3755
245 00 - TITLE STATEMENT
Title China Property Market Monitor
Remainder of title May 2012
260 ## - PUBLICATION, DISTRIBUTION, ETC.
Place of publication, distribution, etc. [S.l.]
Name of publisher, distributor, etc. JLL
Date of publication, distribution, etc. 2012
490 #0 - SERIES STATEMENT
Series statement Jones Lang LaSalle China Property Market Monitor
Volume/sequential designation May 2012
520 ## - SUMMARY, ETC.
Summary, etc. Highlights key developments or trends in China's real estate market during April 2012 with a focus on Guangzhou, Tianjin, Chengdu, Beijing and Shanghai property markets. Provides national and local headlines and news across residential, industrial, investment, retail and hotel sectors.
590 ## - LOCAL NOTE (RLIN)
Local note KA
651 #4 - SUBJECT ADDED ENTRY--GEOGRAPHIC NAME
Geographic name China
690 ## - LOCAL SUBJECT ADDED ENTRY--TOPICAL TERM (OCLC, RLIN)
Topical term or geographic name as entry element Commercial property
9 (RLIN) 6227
690 ## - LOCAL SUBJECT ADDED ENTRY--TOPICAL TERM (OCLC, RLIN)
Topical term or geographic name as entry element Residential property
9 (RLIN) 6266
856 40 - ELECTRONIC LOCATION AND ACCESS
Uniform Resource Identifier <a href="https://www.joneslanglasalle.com.cn/China/EN-GB/Pages/ResearchFilter.aspx">https://www.joneslanglasalle.com.cn/China/EN-GB/Pages/ResearchFilter.aspx</a>
Public note View the report at www.joneslanglasalle.com.cn
942 ## - ADDED ENTRY ELEMENTS (KOHA)
Suppress in OPAC 0
Holdings
Withdrawn status Lost status Source of classification or shelving scheme Damaged status Not for loan Home library Current library Shelving location Date acquired Total Checkouts Full call number Barcode Date last seen Copy number Price effective from Koha item type
    Dewey Decimal Classification     Virtual Virtual Online 03/06/2012   ONLINE PUBLICATION 156539-2001 06/08/2019 1 06/08/2019 Book